| 000 | 00715cam a22002294a 4500 | ||
|---|---|---|---|
| 001 | 13693016 | ||
| 005 | 20250201180336.0 | ||
| 008 | 040820s2005 paua 001 0 eng | ||
| 020 | _a9781416000365 | ||
| 050 | 0 | 0 |
_aRC81 _b.M775 2005 |
| 082 | 0 | 0 |
_a616 _222 |
| 100 | 1 | _aMoore, Stephen W. | |
| 245 | 1 | 0 |
_aGriffith's instructions for patients / _cStephen W. Moore ; with assistance of Jo A. Griffith. |
| 250 | _a7th ed. | ||
| 260 |
_aPhiladelphia, Pa. : _bElsevier Saunders, _cc2005. |
||
| 300 |
_axii, 636 p. : _bill. ; _c28 cm. + _e1 CD-ROM (4 3/4 in.) |
||
| 500 | _aIncludes index. | ||
| 650 | 0 | _aMedicine, Popular. | |
| 650 | 0 | _aPatient education. | |
| 700 | 1 | _aGriffith, Jo A. | |
| 942 |
_2lcc _cBK _e7th ed. _n0 |
||
| 999 |
_c3354 _d3354 |
||